| 000 | 00885nam a22002297a 4500 | ||
|---|---|---|---|
| 999 |
_c16593 _d16593 |
||
| 003 | AR-CdUCM | ||
| 008 | 190503b ||||| |||| 00| 0 spa d | ||
| 020 | _a84-249-0498-2 | ||
| 040 |
_aMUNICIPALIDAD PROVINCIAL DEL CUSCO _cBIBLIOTECA MUNICIPAL DEL CUSCO |
||
| 082 |
_b940.55 / _aSO66 |
||
| 100 |
_aSoldevila Durante, Ignacio _936121 |
||
| 245 | _aLa obra narrativa de Max Aub (1929-1969) / | ||
| 260 |
_aMadrid : _bGredos, _c1973. |
||
| 300 |
_a465 paginas : _c21 cm. |
||
| 440 |
_aEstudios y ensayos, 189 _936122 |
||
| 505 | _aContenido : La producción narrativa hasta 1936 -- Geografía -- Yo vivo -- Narrativa en torno a la guerra civil -- Introducción al conflicto civil -- La guerra en 1936... | ||
| 650 |
_aProducción narrativa _936123 |
||
| 650 |
_aGuerra civil _91772 |
||
| 650 |
_aNovelas de la postguerra _936124 |
||
| 942 |
_2ddc _cLIBROS |
||
| 945 |
_awnts _d2019-05-3 |
||